[Event "Koblenz-ch"]
[Site "Koblenz"]
[Date "2004.10.19"]
[Round "4"]
[White "Waclawski, Klaus"]
[Black "Bohn, Christiane"]
[Result "0-1"]
[WhiteElo "1566"]
[BlackElo "1672"]
[PlyCount "82"]
[EventDate "2004.09.21"]
[EventType "swiss"]
[EventRounds "7"]
[EventCountry "GER"]
[SourceTitle "EXT 2005"]
[Source "ChessBase"]
[SourceDate "2004.11.15"]
[SourceVersion "1"]
[SourceVersionDate "2004.11.15"]
[SourceQuality "1"]

1. e4 d5 2. e5 c5 3. d4 cxd4 4. Qxd4 Nc6 5. Bb5 e6 6. Ne2 Qa5+ 7. Nbc3 Bb4 8. Bxc6+ bxc6 9. a3 Bf8 10. Qa4 Qc7 11. Be3 Bd7 12. Qf4 Ne7 13. Qg3 Nf5 14. Qf4 Rb8 15. Rb1 Be7 16. h4 c5 17. Nd1 Bb5 18. Ng3 Nxh4 19. Rxh4 Bxh4 20. Qxh4 Qxe5 21. Kd2 Rc8 22. Qf4 Qc7 23. Qxc7 Rxc7 24. Bf4 Rc6 25. Nc3 Ba6 26. b4 cxb4 27. Rxb4 Kd7 28. Bb8 Rhc8 29. Be5 f6 30. Bd4 R6c7 31. Na4 Rxc2+ 32. Ke3 R2c7 33. Ne2 e5 34. Bb2 Bc4 35. Nc1 Bf1 36. Nd3 Bxg2 37. Rb5 Kd6 38. Nac5 Rxc5 39. Nxc5 Rxc5 40. Rb7 d4+ 41. Kd2 Bxb7 0-1